[Event "Ubeda op 5th"]
[Site "Ubeda"]
[Date "2000.01.26"]
[Round "8"]
[White "Tregubov, Pavel V"]
[Black "Yagupov, Igor"]
[Result "1-0"]
[WhiteElo "2615"]
[BlackElo "2482"]
[Annotator "Lutz,C"]
[PlyCount "79"]
[EventDate "2000.01.19"]
[EventType "swiss"]
[EventRounds "10"]
[EventCountry "ESP"]
[SourceTitle "CBM 075"]
[Source "ChessBase"]
[SourceDate "2000.04.05"]
[SourceVersion "1"]
[SourceVersionDate "2000.04.05"]
[SourceQuality "1"]

1. d4 d5 2. Nf3 Nf6 3. c4 c6 4. Nc3 e6 5. Qb3 dxc4 6. Qxc4 b5 7. Qd3 Bb7 8. e4
b4 9. Na4 Nbd7 10. e5 (10. Be2 Qa5 11. b3 c5 12. e5 Ne4 13. Be3 Rd8 14. Qb5
Qxb5 15. Bxb5 cxd4 16. Bxd4 a6 17. Bxd7+ Rxd7 18. Rc1 Be7 19. Ke2 Nd2 20. Be3
Nxf3 21. gxf3 a5 22. Nc5 Bc6 23. Nxd7 {1-0 Nikolic,P-Ivanchuk,V/Monte Carlo
1999/CBM 69 ext (23)}) 10... Nd5 11. Bd2 (11. Bg5 Qa5 12. b3 N7b6 13. Nxb6 Nxb6
14. Be2 h6 15. Bd2 Qd5 16. O-O a5 17. Rfc1 Ba6 18. Qe3 Bxe2 19. Qxe2 Be7 20.
Be3 {1/2-1/2 Tisdall,J-Schandorff,L/Torshavn 1997/CBM 56 ext (20)}) 11... Qa5
$6 {Dieser und die folgenden Züge sind wenig pointiert.} (11... N5b6 $5) (11...
a5 $5) 12. b3 N5b6 $6 (12... N7b6 $5) 13. a3 h6 (13... Nxa4 14. axb4 Bxb4 15.
Rxa4 Bxd2+ 16. Nxd2 Qc7 (16... Qd5 17. Nc4) 17. Ne4 O-O 18. Ng5 $40) 14. Be2
Nd5 (14... Nxa4 15. axb4 Bxb4 16. Rxa4 Bxd2+ 17. Nxd2 Qc7 18. Nc4 O-O 19. Nd6
$16) 15. O-O Qc7 16. axb4 Nxb4 17. Qe4 a5 18. Rfc1 g6 19. Nc5 $16 {Man sieht
die Folgen des schwachen schwarzen Eröffnungsspiels: Mit dem eingesperten Bb7
hat Schwarz einen Klotz am Bein. Da nutzt selbst das Springerfeld auf d5
nichts.} Nxc5 20. dxc5 Nd5 21. Ra4 Be7 22. Bd3 Kf8 23. h4 Kg7 24. h5 gxh5 (
24... g5 $5 {sieht solider aus.}) 25. Nd4 Kf8 26. Be2 Bd8 27. Bxh5 Qe7 28. Ra3
$1 {/\ b4, Rf3} Qh4 29. Nxe6+ $1 fxe6 30. Qf3+ Nf6 31. exf6 Qxf6 32. Bf4 Rh7
33. Bd6+ Kg8 34. Ra4 Qxf3 35. Bxf3 Bf6 36. Re1 $18 {Jetzt fällt ein Bauer, die
schlechte schwarze Stellung bleibt.} e5 37. Bxe5 Re7 $2 38. Rg4+ Bg7 (38... Kf7
39. Rf4 $18) 39. Rxg7+ Rxg7 40. Bxg7 (40. Bxg7 Kxg7 41. Re7+ $18) 1-0

[Event "RUS-chT 07th"]
[Site "Smolensk"]
[Date "2000.04.18"]
[Round "4"]
[White "Tregubov, Pavel V"]
[Black "Sakaev, Konstantin"]
[Result "0-1"]
[WhiteElo "2615"]
[BlackElo "2629"]
[Annotator "Lutz,C"]
[PlyCount "48"]
[EventDate "2000.04.15"]
[EventType "team-tourn"]
[EventRounds "11"]
[EventCountry "RUS"]
[SourceTitle "CBM 077"]
[Source "ChessBase"]
[SourceDate "2000.07.27"]
[SourceVersion "1"]
[SourceVersionDate "2000.07.27"]
[SourceQuality "1"]
[WhiteTeam "Maykop Universitet"]
[BlackTeam "Sankt Petersburg Chess Federation"]
[WhiteTeamCountry "RUS"]
[BlackTeamCountry "RUS"]

1. d4 d5 2. Nf3 Nf6 3. c4 c6 4. Nc3 e6 5. Qb3 Be7 6. Bg5 dxc4 7. Qxc4 b5 8. Qb3
Nbd7 9. Rd1 O-O 10. e3 a6 11. Qc2 Bb7 12. Bd3 $6 (12. Be2 $5 $11) 12... Rc8 13.
O-O c5 {Diese Stellung hat Ahnlichkeit mit Abspielen aus dem orthodoxen
Damengambit (D60-D69). Dort steht die weiße Dame aber häufig auf e2. Diesen
Umstand macht sich Schwarz gleich zu Nutze.} 14. dxc5 Bxf3 $1 15. gxf3 Rxc5 16.
Bxf6 {Andernfalls folgt 16...b4.} Bxf6 17. Be2 $2 {Weiß sollte erst einmal den
Ph7 einkassieren und den Schwarzen etwas beschäftigen.} (17. Bxh7+ Kh8 18. Be4
{und die Stellung erscheint reichlich unklar. Schwarz wird vermutlich einen
Bauern am Damenflügel gewinnen, aber Weiß hat ja derzeit einen Bauern mehr.}
Bxc3 (18... Qc7 19. Qd3) (18... b4 19. Qa4 bxc3 20. Rxd7) 19. bxc3 Qh4 20. f4
Nf6 21. Bg2 Rfc8 $13) 17... Bxc3 18. bxc3 Qc7 $17 19. a4 Nf6 20. axb5 axb5 21.
Rb1 Rb8 22. Qb2 $6 (22. Rfc1 $5 $17) 22... Rxc3 23. Bxb5 $2 Rc5 24. Qe2 Rg5+ (
24... Rg5+ 25. Kh1 Rh5 26. f4 Rhxb5 27. Rxb5 Qc6+ $19) 0-1

[Event "RUS-Cup03 Geller Memorial"]
[Site "Moscow"]
[Date "1999.02.13"]
[Round "4"]
[White "Vaulin, Alexander"]
[Black "Korotylev, Alexey"]
[Result "0-1"]
[WhiteElo "2547"]
[BlackElo "2440"]
[Annotator "Lutz,C"]
[PlyCount "64"]
[EventDate "1999.02.10"]
[EventType "swiss"]
[EventRounds "9"]
[EventCountry "RUS"]
[SourceTitle "CBM 070"]
[Source "ChessBase"]
[SourceDate "1999.06.08"]
[SourceVersion "1"]
[SourceVersionDate "1999.06.08"]
[SourceQuality "1"]

1. Nf3 Nf6 2. c4 c6 3. d4 d5 4. Nc3 e6 5. Qb3 dxc4 6. Qxc4 b5 7. Qd3 Nbd7 8. e4
b4 9. Na4 Bb7 10. Bg5 Qa5 11. b3 c5 12. Bxf6 gxf6 13. d5 $6 {An dieser Stelle
verfrüht, da der d-Bauer direkt unter Beschuß gerät. Nach 13.Be2 leiten wir zu
einer bekannten Karpov-Partie über.} (13. Be2 O-O-O 14. O-O Kb8 15. d5 {
Erst jetzt, da Schwarz mit ...Kb8 ein Tempo verloren hat.} Nb6 16. Nxb6 Qxb6
17. Rad1 Bh6 18. Qc4 Rd6 19. dxe6 Rxe6 20. Rd5 $1 {Ein positionelles
Qualitätsopfer.} Rhe8 21. Bd3 Rd8 22. Rd1 Red6 23. Be2 Bxd5 24. exd5 Qb7 25.
Qh4 Bf8 26. Bc4 {Trotz Minusqualität hat Weiß deutlichen Vorteil.} Rxd5 27.
Bxd5 Rxd5 28. Re1 Rd8 29. Qxf6 Qc7 30. g3 Bd6 31. Ng5 Rd7 32. Re8+ Kb7 33. Ne4
Qc6 34. Qf5 Be7 35. Kg2 Rc7 36. Rh8 Qg6 37. Qd5+ Qc6 38. Qxc6+ Kxc6 39. Rxh7
Kd5 40. Nd2 Bf6 41. Nc4 Kd4 42. Rh6 Rc6 43. g4 Re6 44. h4 Kd5 45. g5 {1-0
Karpov,A-Gelfand,B/Linares 1993/CBM 34 (45)}) 13... O-O-O 14. Be2 Nb6 15. Nxb6+
Qxb6 16. O-O Rg8 (16... f5 $5) 17. g3 $6 {Weiß kann sich nicht derartig lasche
Züge leisten.} (17. a3 $5) (17. Rad1 $5) 17... f5 ({Mit dem Bauerngewinn nach} 
17... exd5 18. exd5 Bxd5 19. a3 {wäre Schwarz nicht recht glücklich. Er möchte
einen Bauern nach d5 bekommen, um die weißen Felder zu kontrollieren.}) 18.
Rfd1 (18. e5 Rxd5 19. Qc2 Qc6 $17) 18... fxe4 19. Qxe4 exd5 20. Qxh7 Bg7 21.
Rac1 Kb8 $17 {Angesichts der schwarzen Zentrumsdominanz ist sein Vorteil
augenfällig.} 22. Qf5 Qc7 23. Nh4 Qe7 24. Rc2 Bc3 25. Qf4+ Be5 26. Qf5 Bc3 27.
Qh5 Rh8 28. Qf3 $2 (28. Qg4 $142 $5) 28... Rxh4 $1 29. gxh4 Rg8+ 30. Kf1 Qxh4
31. Qh5 (31. Rxc3 Qxh2 32. Qg3+ Rxg3 33. Rxg3 Qh1+ 34. Rg1 Qh3+ 35. Ke1 Qc3+
$19) 31... Qe4 32. Qxf7 Qh1# 0-1

[Event "Julian Borowski-A 2nd"]
[Site "Essen"]
[Date "2000.05.06"]
[Round "9"]
[White "Glek, Igor Vladimirovich"]
[Black "Dreev, Alexey"]
[Result "1/2-1/2"]
[WhiteElo "2554"]
[BlackElo "2680"]
[Annotator "Lutz,C"]
[PlyCount "31"]
[EventDate "2000.04.27"]
[EventType "tourn"]
[EventRounds "9"]
[EventCountry "GER"]
[EventCategory "15"]
[SourceTitle "CBM 077"]
[Source "ChessBase"]
[SourceDate "2000.07.27"]
[SourceVersion "1"]
[SourceVersionDate "2000.07.27"]
[SourceQuality "1"]

1. d4 d5 2. c4 c6 3. Nf3 Nf6 4. Nc3 e6 5. Bg5 h6 6. Bh4 dxc4 7. e4 g5 8. Bg3 b5
9. Be2 Bb7 10. h4 g4 11. Ne5 Rg8 $5 {Die Neuerung aus der Partie Timman,
J-Vallejo Pons,F.} 12. O-O (12. h5 $6 Nbd7 13. Nxd7 Nxd7 14. Bxg4 Qb6 15. O-O
Rd8 16. e5 $6 (16. Bh3 Rxg3 17. fxg3 Ne5 18. Ne2 Bc5 $44 {Lutz}) 16... Nf6 $1
$17 {0-1 Timman,J-Vallejo Pons,F/Pamplona 1999/CBM 75/[Lutz] (28)}) (12. Nxg4
$5 {erscheint mir immer noch wie der kritische Zug.}) 12... Nbd7 13. Nxg4 (13.
Qc2 Nxe5 14. Bxe5 Nd7 15. Bg3 {würde zu einer Stellung ähnlich zu Notkin,
M-Galkin,A (Russian Club Cup 1998) führen, allerdings hätte Schwarz das Tempo .
..h6-h5 gespart.}) 13... Nh5 14. e5 Nxg3 15. fxg3 {[%csl Rf7,Rg2,Rg3][%cal
Yf1f7] Der weiße Königsflügel ist nun natürlich zersplittert, aber dafür hat
Weiß Druck gegen f7.} Qb6 (15... h5 $5) 16. a4 {Dieser Zug hebelt nicht nur
den Pb5 an, sondern erlaubt es auch, bei Bedarf die Qb6 von der Diagonalen
g1-a7 zu vertreiben. Schade, dass gerade jetzt ein Unentschieden vereinbart
wurde, denn die Stellung ist sehr spannend.} (16. a4 a6 $5 $13 (16... Rxg4 $2
17. Bxg4 Nxe5 18. a5 $18)) 1/2-1/2

[Event "RUS-chT 07th"]
[Site "Smolensk"]
[Date "2000.04.20"]
[Round "6"]
[White "Ivanov, Sergey"]
[Black "Sitnikov, Dmitrij"]
[Result "1-0"]
[WhiteElo "2543"]
[BlackElo "2438"]
[Annotator "Lutz,C"]
[PlyCount "43"]
[EventDate "2000.04.15"]
[EventType "team-tourn"]
[EventRounds "11"]
[EventCountry "RUS"]
[SourceTitle "CBM 077"]
[Source "ChessBase"]
[SourceDate "2000.07.27"]
[SourceVersion "1"]
[SourceVersionDate "2000.07.27"]
[SourceQuality "1"]
[WhiteTeam "Sankt Petersburg Chess Federation"]
[BlackTeam "Novokuznetsk"]
[WhiteTeamCountry "RUS"]
[BlackTeamCountry "RUS"]

1. d4 d5 2. c4 c6 3. Nf3 Nf6 4. Nc3 e6 5. Bg5 h6 6. Bh4 dxc4 7. e4 g5 8. Bg3 b5
9. Be2 Bb7 10. h4 b4 $5 {Dieses riskante Vorgehen ist aus Sherbakov,R-Yagupov,
I bekannt. Schwarz löst seine Struktur am Damenflügel auf, gewinnt dafür aber
den Be4.} 11. Na4 Nxe4 12. Be5 f6 13. Bxb8 $5 {Weiß versucht, ohne
Figurenopfer die schwarze Stellung zu knacken. Der Erfolg in der Partie gibt
ihm Recht.} (13. Qc2 $5 c5 14. Bxc4 $5 (14. O-O-O $5 fxe5 15. dxe5 Qc7 16. Bxc4
$44) 14... fxe5 15. O-O-O exd4 16. Rhe1 Qc7 17. Bd3 $13 {0-1 Sherbakov,
R-Yagupov,I/St Petersburg 1999/CBM 74/[Lutz] (54)}) 13... Rxb8 14. hxg5 b3 $2 {
Dieser Zug ist schwierig zu erklären.} (14... Qa5 {sieht wie der einzige
Versuch aus, um eine halbwegs spielbare Stellung zu erreichen.} 15. Kf1 (15.
Bxc4 b3+ 16. Nc3 Nxc3) 15... Nxg5 16. Nxg5 (16. Bxc4 Nxf3 17. Qxf3 Qxa4 18.
Qxf6 (18. Bxe6 $44) 18... Ba6 19. Qxe6+ $13) 16... Qxg5 17. Rh5 Qg6 $13) 15.
axb3 fxg5 16. O-O $16 {Die schwarze Stellung ist ein Trümmerhaufen.} Bg7 17.
Bxc4 O-O 18. Qc2 Rf4 19. Rfe1 $18 Nxf2 (19... g4 20. Rxe4 Rxe4 21. Qxe4 $18)
20. Rxe6 (20. Kxf2 $5 $18) (20. Qxf2 $2 Bxd4) 20... Kh8 (20... Kf8 21. Kxf2 $18
) 21. Ne5 Qxd4 (21... Bxe5 22. Rxh6+ Kg7 23. Qg6+ Kf8 24. Qg8+ Ke7 25. Rh7+ $18
) (21... Nh3+ 22. Kh2 $18 (22. gxh3 $2 Qxd4+)) 22. Ng6+ (22. Ng6+ Kh7 (22...
Kg8 23. Re8+ Kh7 24. Bg8#) 23. Nf8+ Kg8 24. Rf6+ Kh8 25. Qh7#) 1-0

[Event "ROM-ch"]
[Site "Bucharest"]
[Date "1998.12.08"]
[Round "1"]
[White "Itkis, Boris"]
[Black "Szuhanek, Ranko"]
[Result "1-0"]
[WhiteElo "2465"]
[BlackElo "2400"]
[Annotator "Lutz,C"]
[PlyCount "55"]
[EventDate "1998.12.08"]
[EventType "tourn"]
[EventRounds "15"]
[EventCountry "ROU"]
[EventCategory "9"]
[SourceTitle "CBM 069"]
[Source "ChessBase"]
[SourceDate "1999.04.01"]
[SourceVersion "1"]
[SourceVersionDate "1999.04.01"]
[SourceQuality "1"]

1. d4 d5 2. c4 c6 3. Nf3 Nf6 4. Nc3 e6 5. Bg5 h6 6. Bh4 dxc4 7. e4 g5 8. Bg3
Bb4 $5 {Dieser Zug wurde bislang äußerst selten gespielt.} 9. Bxc4 (9. Qc2)
9... Nxe4 10. O-O Nxg3 (10... Nxc3 11. bxc3 Bxc3 12. Rc1 Bb4 13. Ne5 $40 {ECO})
11. fxg3 {Angesichts der offenen e- und f-Linie und des Entwicklungsvorsprungs
hat Weiß offensichtliche Kompensation.} Nd7 12. Qe2 (12. Qb3 Be7 13. Rae1 Nb6
14. Bd3 O-O 15. Kh1 (15. Bb1 {/\ Qc2 ECO}) 15... c5 16. Bb1 cxd4 17. Nb5 d3 18.
Nbd4 d2 19. Qd3 f5 20. Qxd2 Bf6 21. g4 Qd5 22. gxf5 exf5 23. Bc2 Nc4 24. Bb3 b5
25. Nxf5 Be6 26. Nxh6+ Kh7 27. Qxd5 Bxd5 28. Ng4 Bxb2 29. Nxg5+ Kg6 30. Nf3
Rae8 31. Rb1 Bxf3 32. Rxf3 {1/2-1/2 Lputian,S-Sveshnikov,E/Riga 1985/URS-ch 
(32)}) 12... Qe7 (12... O-O 13. Rad1 Nb6 14. Bb3 Nd5 15. Ne4 f5 16. Nc5 Bxc5
17. dxc5 Qe7 18. Rc1 Bd7 19. Bxd5 cxd5 20. Ne5 Rf6 21. Qe3 Bb5 22. Rf2 Raf8 23.
Qd4 a6 24. Rc3 Qh7 25. Rc1 f4 26. Ng4 Rf5 27. Re1 h5 28. Ne5 fxg3 29. Rxf5
gxh2+ 30. Kxh2 Qxf5 31. Nf3 g4 32. Re5 Qf4+ 33. Qxf4 Rxf4 34. Nh4 Re4 35. Rxe4
dxe4 36. g3 e3 37. Kg1 Kf7 38. Ng2 e2 39. Kf2 e5 40. a4 Bc6 41. Ne3 Bf3 42. Ke1
h4 43. gxh4 g3 44. Nc4 e4 45. Ne3 a5 46. Kd2 g2 47. Nxg2 Bxg2 48. Kxe2 Bf3+ 49.
Ke3 Bd1 50. Kxe4 Bxa4 51. Ke5 Bc6 52. b3 a4 53. bxa4 Bxa4 54. h5 Kg7 {0-1 Ward,
C-Pelletier,Y/Germany 1998/EXT 99 (54)}) 13. a3 Bd6 14. Rae1 Nb6 15. Ne4 Nxc4
16. Qxc4 O-O 17. Ne5 f5 18. Ng6 Qe8 19. Nxd6 Qxg6 20. Re5 $16 {Weiß gewinnt
den Pe6 mit großem Vorteil zurück.} (20. Nxc8 Raxc8 21. Rxe6 Qf7 {ist nicht so
klar.}) 20... Kh7 21. Rfe1 f4 $6 (21... Rf6 22. b4 $5 $16 {Weiß verstärkt in
aller Ruhe seine Stellung.}) 22. Nxc8 Raxc8 23. Rxe6 Rf6 24. d5 Rxe6 25. dxe6
Rf8 26. gxf4 gxf4 27. e7 Re8 28. Re6 $6 (28. Re6 Qb1+ 29. Kf2 Qxb2+ 30. Kf3 Qb1
$16) (28. Qxf4 $18) 1-0

[Event "American Continental 2nd"]
[Site "Buenos Aires"]
[Date "2003.08.22"]
[Round "5"]
[White "Labollita, Martin"]
[Black "Novikov, Igor A"]
[Result "0-1"]
[WhiteElo "2454"]
[BlackElo "2598"]
[Annotator "Lutz,C"]
[PlyCount "64"]
[EventDate "2003.08.17"]
[EventType "swiss"]
[EventRounds "11"]
[EventCountry "ARG"]
[SourceTitle "CBM 097"]
[Source "ChessBase"]
[SourceDate "2003.11.11"]
[SourceVersion "1"]
[SourceVersionDate "2003.11.11"]
[SourceQuality "1"]

1. d4 d5 2. Nf3 Nf6 3. c4 e6 4. Nc3 c6 5. Bg5 h6 6. Bh4 dxc4 7. e4 g5 8. Bg3 b5
9. Be2 Bb7 10. h4 g4 11. Ne5 h5 12. O-O Nbd7 13. Qc2 Rg8 $146 {Eine Neuerung
gegenüber dem an dieser Stelle nahezu ausschließlich gespielten 13...Nxe5.} 14.
Nxd7 (14. Nxf7 $6 {funktioniert hier nicht:} Kxf7 15. e5 Nd5 16. Qh7+ Rg7 17.
Qxh5+ Kg8 18. Bxg4 Qe8) (14. Rad1 $5 {bietet sich an, mit Übergang zu
bekannten Stellungen nach} Nxe5 15. Bxe5) 14... Nxd7 15. d5 $5 {Mit diesem Zug
will Weiß schnell die Lage im Zentrum klären.} (15. Rad1 {wäre hier möglich
gewesen, über Zugumstellung ist die gleiche Stellung wie nach 13...Nxe5 14.
Bxe5 Rg8 15.Rad1 Nd7 16.Bg3 entstanden.}) 15... e5 16. dxc6 Bxc6 17. Rfd1 Rg6
18. a4 a6 19. axb5 axb5 20. Rxa8 Qxa8 21. b3 {Weiß erhält nun eine drohende
Angriffsstellung, muss Schwarz aber dafür einen gedeckten Freibauern auf c3
einräumen.} b4 22. Nd5 Bxd5 23. exd5 (23. Rxd5 c3 24. Bb5 Rd6) 23... c3 24. Bb5
Qb7 25. Qd3 (25. Bc6 Rxc6 $5 26. dxc6 Qxc6 $13) 25... Bd6 26. Bc6 Qc7 27. Qf5
Ke7 {Die schwarze Stellung ist fester, als es auf den ersten Blick erscheint.}
28. Re1 $2 {Der Pe5 ist das falsche Ziel.} (28. Qxh5 Nf6 29. Qf5 Rh6 $13) 28...
Nf6 29. Rxe5+ $6 (29. Bxe5 Bxe5 30. Rxe5+ Kf8 {war aus weißer Sicht vorzuziehn,
obwohl Schwarz ebenfalls besser steht. Der König gelangt auf g7 in Sicherheit
und der Pc3 kann sich bald in Szene setzen, z.B.} 31. g3 Qa7 (31... c2 32. Re1
Nxd5 33. Bxd5 c1=Q 34. Rxc1 Qxc1+ 35. Kg2 Rg7 36. Qxh5 $11) 32. Kg2 Qd4 $36)
29... Kf8 $1 30. Re3 Bxg3 31. Rxg3 $2 (31. fxg3 $17) 31... Nxd5 $1 $19 32. Qxd5
Qxc6 0-1

[Event "Chigorin Memorial 07th"]
[Site "St Petersburg"]
[Date "1999.11.08"]
[Round "7"]
[White "Solozhenkin, Evgeniy"]
[Black "Alavkin, Arseny Nailievich"]
[Result "1-0"]
[WhiteElo "2544"]
[BlackElo "2434"]
[Annotator "Lutz,C"]
[PlyCount "69"]
[EventDate "1999.11.02"]
[EventType "swiss"]
[EventRounds "9"]
[EventCountry "RUS"]
[SourceTitle "CBM 074"]
[Source "ChessBase"]
[SourceDate "2000.02.01"]
[SourceVersion "1"]
[SourceVersionDate "2000.02.01"]
[SourceQuality "1"]

1. d4 d5 2. Nf3 Nf6 3. c4 c6 4. Nc3 e6 5. Bg5 h6 6. Bh4 dxc4 7. e4 g5 8. Bg3 b5
9. Be2 Nbd7 10. d5 cxd5 11. exd5 Nb6 12. dxe6 Bxe6 13. Nd4 $1 $146 a6 {Schwarz
verteidigt den Mehrbauern, aber der Entwicklungsnachteil hat irreparable
Folgen.} (13... Bb4 {1-0 Beliavsky,A-Bacrot,E/Bugojno 1999/CBM 74_02/[Lutz] 
(58) Lutz}) 14. O-O Bg7 15. Bf3 $16 Nbd5 16. Nxd5 Nxd5 17. Nxe6 (17. Re1 $5 O-O
18. Nxe6 fxe6 19. Rxe6 $18 {ist ebenfalls nicht von der Hand zu weisen.}) 17...
fxe6 18. Qe2 Qd7 19. Bg4 Kf7 20. Rfe1 Rhe8 21. Rad1 Rad8 22. Bh5+ Kg8 23. Bxe8
Rxe8 24. Be5 $18 Qc6 25. g3 b4 26. Bxg7 Kxg7 27. Qe5+ Kf7 28. Qe4 Rg8 29. Rc1
c3 30. bxc3 bxc3 31. Re3 Qd7 32. Rf3+ Ke8 33. Rd1 Qc6 34. Qh7 Rf8 35. Qg6+ 1-0

[Event "Chigorin Memorial 07th"]
[Site "St Petersburg"]
[Date "1999.11.09"]
[Round "8"]
[White "Shchekachev, Andrei"]
[Black "Shalimov, Valery"]
[Result "1-0"]
[WhiteElo "2505"]
[BlackElo "2423"]
[Annotator "Lutz,C"]
[PlyCount "66"]
[EventDate "1999.11.02"]
[EventType "swiss"]
[EventRounds "9"]
[EventCountry "RUS"]
[SourceTitle "CBM 074"]
[Source "ChessBase"]
[SourceDate "2000.02.01"]
[SourceVersion "1"]
[SourceVersionDate "2000.02.01"]
[SourceQuality "1"]

1. c4 e6 2. Nf3 d5 3. d4 Nf6 4. Nc3 c6 5. Bg5 h6 6. Bh4 dxc4 7. e4 g5 8. Bg3 b5
9. Be2 Bb7 10. h4 $1 g4 11. Ne5 Nbd7 $5 $146 {Anstatt seinen Mehrbauern zu
verteidigen, gibt Schwarz ihn direkt her. Es bleibt die Frage, ob Schwarz dann
genügend Gegenspiel hat.} (11... h5) (11... b4) 12. Bxg4 (12. Nxg4 b4 13. Na4
Nxe4 14. Bxc4 Nxg3 15. fxg3 Qc7 16. Qb3 $13) 12... Rg8 13. Nxd7 (13. Bf3 Rxg3
$1 14. fxg3 (14. Nxd7 Rxf3 $1 $17) (14. Nxf7 Kxf7 15. fxg3 e5 $17) 14... Nxe5
15. dxe5 Nd7 $17 {Schwarz steht trotz Minusqualität besser, da er den Pe5
gewinnen wird und Weiß dann mit einer runierten Struktur übrigbleibt.}) 13...
Qxd7 14. Bf3 b4 $2 {Dieser Zug kann das Rückopfer des Bauern nicht
rechtfertigen.} (14... c5 {ist beachtenswert.} 15. dxc5 (15. Be5 cxd4 16. Qxd4
(16. Bxf6 dxc3 17. Qxd7+ Kxd7 18. O-O-O+ Ke8 $13) 16... Ng4 17. Rd1 (17. Qxd7+
Kxd7 18. Bg3 a6 19. e5 Bxf3 20. gxf3 Ne3 $132) 17... Qxd4 18. Bxd4 e5 (18... a6
$2 19. e5) 19. Nxb5 exd4 20. Nc7+ Kd7 21. Nxa8 Bc5 $17) 15... b4 16. Qxd7+ Kxd7
17. O-O-O+ Kc8 {, und obwohl die schwarze Stellung verdächtig aussieht, kann
ich nichts für Weiß finden:} 18. Nb5 Nxe4 19. Rd4 (19. Rhe1 Nxc5) 19... Nxc5
20. Rxc4 Bxf3 21. gxf3 Kb7 22. Rd1 Rc8 $13) (14... Rxg3 15. fxg3 O-O-O 16. e5
$16) 15. Na4 $16 {Weiß behält nun alle Vorzüge seiner Stellung ohne einen
materiellen Nachteil.} c5 {Verliert einen Bauern, aber es war eh schon schwer.}
(15... O-O-O 16. Be5 Ne8 17. Qc2 f6 18. Bf4 $16 Qxd4 $2 19. Rd1 b3 20. Qb1 $18)
16. Nxc5 Bxc5 17. dxc5 O-O-O (17... Nxe4 18. Qxd7+ Kxd7 19. O-O-O+ Kc8 20. Rhe1
Nxc5 (20... Nxg3 21. c6 Ba6 22. fxg3 Rxg3 23. Rd7 $18) 21. Re5 Bd5 22. Rexd5
exd5 23. Rxd5 Ne6 24. Rh5 $16) 18. Qxd7+ Rxd7 (18... Nxd7 19. Rc1 $16) (18...
Kxd7 19. Rd1+ Kc8 20. Rc1 $16) 19. Rc1 Bxe4 (19... Nxe4 $2 20. c6 Bxc6 21. Rxc4
$18) 20. Rxc4 Bxf3 21. gxf3 a5 22. Ke2 Rd5 23. a3 bxa3 24. bxa3 e5 25. Rb1 Nh5
26. c6 f5 27. c7 $18 Kd7 28. Rb6 f4 29. Rxh6 Ng7 30. Rg6 Kc8 31. Rb6 Kd7 32.
c8=Q+ Rxc8 33. Rb7+ Kd8 (33... Kd8 34. Rxc8+ Kxc8 35. Rxg7 fxg3 36. fxg3 $18)
1-0